| 000 | 01815ncm0a2200409 4500 | ||
|---|---|---|---|
| 001 | RU\NLR\ONIZ\216977 | ||
| 005 | 20250626062432.0 | ||
| 010 | _a978-5-8428-0713-0 | ||
| 021 |
_aRU _b09-363н _909-31н |
||
| 035 | _aRU\NLR\ONIZ\GALA\5000030222\20170405122634 | ||
| 035 | _a(NLR Aleph) 011414490 | ||
| 090 |
_a11576272 _c11576272 |
||
| 100 | _a20170405d2009 |||y0rusy50 ca | ||
| 101 | 0 | _arus | |
| 102 | _aRU | ||
| 125 | _aax | ||
| 200 | 1 |
_aМузыкальное сопровождение на уроках народно-сценического танца _bНоты _eметод. пособие для педагогов и концертмейстеров хореогр. отд-ний учреждений образования и культуры _e[для фп.] _fА. М. Кац, И. М. Коваль |
|
| 210 |
_aСамара _cПГСГА _d2009 |
||
| 215 |
_a197 с. _d29 см |
||
| 606 | 1 |
_aМузыка для уроков народно-сценического танца _jНоты _2nlr_sh |
|
| 606 | 1 |
_aТанцы народов мира для фортепиано _jНоты _2nlr_sh |
|
| 686 |
_aЩ954.2-084(2Р) _vLBC/SL _2rubbk |
||
| 686 |
_aЩ954.2-085я43 _vLBC/SL _2rubbk |
||
| 686 |
_aЩ92(0)-5я43 _vLBC/SL _2rubbk |
||
| 700 | 1 |
_9z03790 _aКац _bА. М. _gАлла Михайловна _4070 |
|
| 701 | 1 |
_9z04790 _aКоваль _bИ. М. _gИрина Михайловна _4070 |
|
| 790 | 1 |
_9z03700 _aKac _bA. M. _gAlla Michajlovna _4070 _7ba |
|
| 790 | 1 |
_9z04701 _aKoval' _bI. _gIrina _4070 |
|
| 801 | 0 |
_aRU _bNLR _c20170405 _gPSBO |
|
| 801 | 1 |
_aRU _bNLR _c20170405 _2rusmarc |
|
| 801 | 2 |
_aRU _bNLR _c20191229 |
|
| 852 |
_aNLR _bМ _j3/10985а _pМОЭ 2009-31н/363на _t2 |
||
| 852 |
_aNLR _bМ _j3/10985 _pМОЭ 2009-31н/363н _t1 |
||
| 942 | _cSCORE | ||
| 980 | _aNB | ||
| 980 | _aONIZ | ||